Welcome to CU Library Online Public Access Catalogue (OPAC)

Business and Society: (Record no. 2505)

MARC details
000 -LEADER
fixed length control field 00617nam a22001937a 4500
005 - DATE AND TIME OF LATEST TRANSACTION
control field 20250110123331.0
008 - FIXED-LENGTH DATA ELEMENTS--GENERAL INFORMATION
fixed length control field 250110b |||||||| |||| 00| 0 eng d
020 ## - INTERNATIONAL STANDARD BOOK NUMBER
International Standard Book Number 9780538466769
050 ## - LIBRARY OF CONGRESS CALL NUMBER
Classification number HF5387
Item number .C35 CAR
100 ## - MAIN ENTRY--PERSONAL NAME
Personal name Buchholtz Ann K.
245 ## - TITLE STATEMENT
Title Business and Society:
Remainder of title Ethics and Stakeholder Management/
Statement of responsibility, etc. Ann K. Buchholtz & Archie B. Carroll
250 ## - EDITION STATEMENT
Edition statement 8th Ed.
260 ## - PUBLICATION, DISTRIBUTION, ETC.
Place of publication, distribution, etc. New York
Name of publisher, distributor, etc. South-Western, Cengage Learning
Date of publication, distribution, etc. 2012
300 ## - PHYSICAL DESCRIPTION
Extent xxiv. 760p.
Other physical details ill. col.
Dimensions 25.5 cm x 20.5 cm
500 ## - GENERAL NOTE
General note Includes Index
650 ## - SUBJECT ADDED ENTRY--TOPICAL TERM
Source of heading or term Management
700 ## - ADDED ENTRY--PERSONAL NAME
Personal name Archie B. Carroll
942 ## - ADDED ENTRY ELEMENTS (KOHA)
Source of classification or shelving scheme Library of Congress Classification
Koha item type Books
Edition 8th Ed.
Suppress in OPAC No
999 ## -
-- 2505
-- 2505
Holdings
Withdrawn status Lost status Source of classification or shelving scheme Damaged status Not for loan Collection Home library Current library Shelving location Date acquired Total checkouts Full call number Barcode Date last seen Copy number Price effective from Koha item type
    Library of Congress Classification     Non-fiction Business Library (Miotso) Business Library (Miotso) General stacks 01/10/2025   HF5387 .C35 CAR BSSM00000407 01/10/2025 1 01/10/2025 Books
    Library of Congress Classification     Non-fiction Undergraduate Library (Christ Temple) Undergraduate Library (Christ Temple) General stacks 05/05/2025   HF 5387.C35 CAR ulct00002217 05/05/2025 1 05/05/2025 Books
    Library of Congress Classification     Non-fiction Undergraduate Library (Christ Temple) Undergraduate Library (Christ Temple) General stacks 05/05/2025   HF 5387.C35 CAR ulct00002218 05/05/2025 2 05/05/2025 Books
© 2023-2024 Copyright: Central University Libraries. All Rights Reserved | Created by: Mahone Tech Office